[Event "Chelyabinsk 16.3"]
[Site "Monte Carlo MNC"]
[Date "2000.03.16"]
[Round "16.3"]
[White "Shirov, Alexei"]
[Black "Lautier, Joel"]
[Result "1-0"]
[WhiteElo "2751"]
[BlackElo "2632"]
[EventDate "2000.03.16"]
[Annotator "Rogozenko"]

1. e4 c5 2. Nf3 Nc6 3. d4 cxd4 4. Nxd4 Nf6 5. Nc3 e5 6. Ndb5 d6 7. Bg5 a6 
8. Na3 b5 9. Bxf6 gxf6 10. Nd5 f5 11. Bxb5 {A sharp continuation which 
requires from Black a very precise play. The final conclusion of the 
11.Bxb5 line is still to be made.} 11. ... axb5 12. Nxb5 Ra4 13. b4!? {
Another white attempt to "blow up the fire" of the attack } ( 13. c4 {is 
another interesting pawn advance.} 13. ... Qa5+ 14. b4 Rxb4 15. O-O Rxb5 
16. cxb5 Nd4 17. Qh5 Be6 18. Nf6+ Kd8 19. Rab1 ( 19. b6 Qxb6 20. Rfb1 Qa7 
{and Black defends.} ) 19. ... Be7 20. Qh6 Kc7 -/+ {0-1 
Rajlich,V-Gara,A/Budapest (44)} ) ( 13. Nbc7+ {considered the main move.} 
13. ... Kd7 14. O-O Rxe4 ( 14. ... Qg5 {is the second option.} ) 15. Qh5 ~
) 13. ... Rxb4 {Otherwise the black rook is offside} 14. Nbc7+ ( 14. Nxb4
?! {This move is not in the spirit of the line 11. Bxb5.} 14. ... Nxb4 15.
 O-O ( 15. c3 Nc6 16. Rb1 Be7 17. Qd5 Na5 18. Na7?! Be6 -/+ {0-1 Vavra, 
P-Divis,J/CSR 1992 (44)} ) 15. ... Be7 -/+ ) 14. ... Kd7 15. O-O { White 
plan becomes clear. Having included the move b2-b4, he opens up the b-file
for his attack at the cost of a pawn } 15. ... Rb7?! ( 15. ... Qg5 16. 
Nxb4 Nxb4 17. Qb1 Rg8 18. g3 Kxc7 19. Qxb4 Kd7 ( 19. ... fxe4! ) 20. c4 ~ 
{0-1 Vitolinsh, A-Cherniaev,A/Kherson 1990 (43)} ) ( {Playing by analogy 
with the previous game} 15. ... Rxe4?! 16. Qh5 Ne7 17. Qxf7 { is dangerous
for Black in view of opening the b-file, for example: } 17. ... Kc6 18. c4
Qd7 19. Rab1! +- ) 16. Qh5! {Now White gets a very strong attack.} 16. ...
 Ne7 ( 16. ... Rxc7 17. Qxf7+ ( 17. Qxf5+ Ke8 18. Nf6+ Ke7 19. Nd5+ Ke8 
=, quiet ) 17. ... Ne7 ( 17. ... Be7?? ) 18. Nb6+ {see the next variation.
} 18. ... Kc6 19. Rab1 ) 17. Qxf7 Kc6 ( 17. ... Rxc7 18. Nb6+ Kc6 19. Rab1
d5 ( 19. ... Ba6 20. Qb3 +/- {White obtains a smashing attack for his two 
sacrificed pawns; nevertheless, this continuation is the strongest one} 
20. ... Rg8 ( 20. ... Bxf1 21. Qa4+ Kb7 22. Nd7+ +- ) ( 20. ... Ra7 21. 
Qc3+ Kb7 22. Rfd1 Kb8 23. Rxd6! Qxd6 24. Nc8+ +- ) 21. Rfd1 â†’ ( 21. Qa4+
Kb7 22. Nc4+ Ka7 23. Rb6 Qc8 24. Nxd6 Kxb6 25. Nxc8+ Rxc8 26. Rb1+ Ka7 27.
 Qd7+ Ka8 28. exf5 +- ( 28. Rb6 Rg6 ) ) ) 20. Qf6+ Qd6 21. Qxh8 Ng6 22. 
Qg8 fxe4 23. c4 d4 24. Nxc8 Rxc8 25. c5 {1-0 Berendsen, R-Van 
Beek,L/Nijmegen 1993 (25)} ) 18. Rab1! {As we can see, the open b-file 
allows White to instil a second wind into his attack } 18. ... fxe4 19. 
Rxb7 Kxb7 ( 19. ... Bxb7 20. Ne6 ( 20. Rb1 +- ) 20. ... Qc8 21. Rb1! ) 20.
 Rb1+ Kc6 ( 20. ... Ka7 21. Nxe7 Bxe7 22. Qc4 Qd7 23. Qc3 +- ) 21. Rb6+ 
Kc5 22. Rb3! Kc6 23. Rc3+ Kb7 24. Nxe7 Bxe7 25. Qd5+ Ka7 26. Qa8+ ( 26. 
Qa8+ Kb6 27. Rc6# ) 1-0

[Event "Chelyabinsk 16.4"]
[Site "Leon ESP"]
[Date "2001.06.08"]
[Round "16.4"]
[White "Shirov, Alexei"]
[Black "Topalov, Veselin"]
[Result "1-0"]
[WhiteElo "2722"]
[BlackElo "2707"]
[EventDate "2001.06.08"]
[Annotator "Rogozenko"]

1. e4 c5 2. Nf3 Nc6 3. d4 cxd4 4. Nxd4 Nf6 5. Nc3 e5 6. Ndb5 d6 7. Bg5 a6 
8. Na3 b5 9. Bxf6 gxf6 10. Nd5 f5 11. Bxb5 axb5 12. Nxb5 {This position 
seems to suit Shirov perfectly. The second time he plays it and achieves a
very nice win again.} 12. ... Ra4 {Winants: 'La réplique consacrée :'} ( {
Apr s} 12. ... Rb8? {Winants} 13. Nbc7+ Kd7 14. Qh5 {L'attaque des Blancs 
deviendrait tr s rapidement irrésistible.} ) 13. b4 {Winants: 'L'idée ne 
consiste pas seulement intercepter l'action de la Tour sur la quatri me 
traverse, mais aussi dégager une colonne ouverte vers b6.'} ( {Les 
ouvrages théoriques envisagent aussi le petit roque et} 13. c4 {Winants} )
13. ... Rxb4 {Winants: 'La Tour continue son chemin, pour distraire le 
Cavalier avancé (d5). Cependant les Blancs restent imperturbables.'} ( 
13. ... Qh4!? {Nobody yet repeated the novelty made by McShane.} 14. O-O (
14. Nbc7+ Kd8 ) 14. ... Rg8 15. c3 f4 16. Qxa4 Rxg2+ 17. Kxg2 Qg4+ {
1/2-1/2 Luther,T-McShane,L/ Lippstadt 2000} ) 14. Nbc7+ Kd7 15. O-O {
Winants: 'Les Noirs ont pris une pi ce, mais leur Roi est entouré de 
fantômes qui hurlent autour de lui.'} 15. ... Qxc7!? {Amazing: for the 
centralized knight on d5 Black is ready to give the queen! Shirov's answer
is even more amusing - who cares about the queen? 

By sacrificing his queen Black solves the problem of white cavalry that 
has encircled the black king tightly, in a radical manner } ( 15. ... Qg5 
{In my opinion the critical move.} 16. Nxb4 ( 16. f4 exf4 17. Rxf4 Rg8 18.
 Qf1 Kd8 19. Nxb4 Nxb4 20. Rb1 Kxc7 21. Rxb4 d5 22. Rb3 Bc5+ 23. Kh1 Ba6 
24. Rd3 fxe4 25. Rxf7+ Kc8? ( 25. ... Be7 ) 26. Ra3!! {1-0 
Wege,J-Pluemer,D/Aschach 2000} ) 16. ... Nxb4 17. c3 ( 17. Qb1 Rg8 ~ {0-1 
Vitolinsh,A-Cherniaev,A/Kherson 1990/ (43)} ) 17. ... Kxc7 ( 17. ... Nc6 
18. Nd5 fxe4 19. Qa4 +/- ) 18. cxb4 fxe4 19. Qa4 â†‘ {1-0 
Luther,T-Reinderman,D/Venlo 2000 (30)} ) ( 15. ... Rb7? 16. Qh5 Ne7 17. 
Qxf7 {Winants: '(Menace 18.Ne6)'} 17. ... Kc6 ( {Si} 17. ... Rxc7 {Winants
} 18. Nb6+ Kc6 19. Rab1 Ba6 20. Qb3! {Et l'attaque perce.} ) 18. Rab1 +- {
1-0 Shirov, A-Lautier,J/Monte Carlo 2000 (26)} 18. ... fxe4 ( {Si} 18. ...
 Nxd5 {Winants} 19. exd5+ Kc5 20. Rxb7 Bxb7 21. Ne6+ {Et prend la Dame} ) 
( {ou} 18. ... Rxc7 {Winants} 19. Rb6+ Kc5 20. Rfb1 {etc.} ) 19. Rxb7 Kxb7
( 19. ... Bxb7 {Winants} 20. Rb1 ) 20. Rb1+ Kc6 21. Rb6+ Kc5 22. Rb3 {Vers
c3 pour asséner le mat du Cavalier sur b5} 22. ... Kc6 23. Rc3+ Kb7 24. 
Nxe7 Bxe7 25. Qd5+ Ka7 26. Qa8+ {abandon, Shirov-Lautier, Monaco 2000.} ) 
16. c3!? {A considerable improvement of the variation for White} ( {White 
was doing fine in the practice after the pragmatical 16.Nxc7 as well:} 16.
 Nxc7 Kxc7 17. Qh5 Rxe4 18. Qxf7+ Be7 19. Rfb1 ( 19. Rfe1 {1-0 
Vorobiov,E-Bogachkov,I/St Petersburg 2000 (56)} ) ( {ou} 19. a4 {Winants} 
19. ... Rf8 20. Qb3 Rb4 {Baljon-Dolmatov, Amsterdam 1979} 21. Qd5 Ba6 22. 
c3 Re4 23. Rfb1 Bc4 =+ ) 19. ... Rf8 20. Qb3 Rb4 21. Qd5 Rxb1+ 22. Rxb1 
Bd7 23. a4 Ra8 24. Qc4 h5 25. g3 Ra5 26. Rb5 d5 27. Rxd5 Be6 28. Qxc6+ 
Kxc6 29. Rxa5 Bc5 30. Ra6+ Kd5 31. c4+ {1-0 Rytshagov, M-Ripari,M/Saint 
Vincent 2001. I must add that M. Rytshagov is Shirov's second.} ) 16. ... 
Rxe4 ( 16. ... Qb7 17. cxb4 fxe4 18. Rc1 ( 18. Qa4 Ke6 ) ( 18. Qh5 Ke6 ) 
18. ... f5 ( 18. ... Bh6 19. Qh5 Bxc1 20. Qxf7+ Kd8 21. Qf6+ Kd7 22. Qg7+ 
Ke6 23. Nc7+ Kf5 24. Rxc1 +- ) 19. Qa4 â†’ ) ( {Supposons} 16. ... Qa5 {
Winants autrement les pions liés, appuyés par une Tour en c1, ne 
tarderaient pas avancer.} 17. cxb4 Nxb4 18. Qd2 Nc6 19. Qg5 {Le loup entre
dans la bergerie.} ) ( ) 17. Qh5! Kd8 {Of course not easy to advise best 
way for Black. Let's not forget that this is advanced chess and even with 
the help of a computer Black's position could not be saved, which says 
quite a lot about the evaluation of the entire line. Winants: 'Un choix 
raisonnable'} ( {Apr s} 17. ... Qa5 {Winants} 18. Qxf5+ Kd8 19. Qxe4 Ne7 {
Les Noirs obtiennent deux pi ces mineures contre Tour et pion, mais les 
chances respectives restent tr s difficiles évaluer.} ) 18. Nxc7 Kxc7 19. 
Qxf7+ Be7 20. Rab1 {Black has an adequate material compensation of three 
minor pieces for his queen, but the open position of his king makes white 
chances more preferable } 20. ... Ba6 21. Rfd1 {Now it is most certain 
that White has an advantage. All his pieces are very active.} 21. ... Rf8 
{Winants: 'Pour défendre f5.'} ( 21. ... Rb8? 22. Rxb8 Kxb8 23. Qxf5 +- ) 
22. Qb3! {Winants: 'Apr s dix bonnes minutes de réflexion !'} ( {A greedy}
22. Qxh7 { would have allowed Black to activate his pieces: } 22. ... Rh4 
23. Qg6 Rg4 24. Qh6 Be2! ~ 25. Re1 ( 25. Rdc1 Rxg2+ 26. Kxg2 Rg8+ 27. Kh3 
Bg4+ 28. Kg2 Be2+ =, quiet ) ( 25. h3 Rh4 26. Qc1 Bxd1 27. Qxd1 Ra8 28. 
Rb2 Ra3 29. g3 Rxh3 = ) 25. ... Rxg2+! 26. Kxg2 Rg8+ 27. Kh3 Bg4+ 28. Kg2 
Be2+ 29. Kh3 Bg4+ ) 22. ... Rb8 23. Qe6! Rxb1 ( {Later the move} 23. ... 
Bc4!? {have been practically tested} ) ( 23. ... Bc4 24. Qxf5 Rxb1 25. 
Rxb1 Bd3 26. Rf1 d5 27. Qe6 Bxf1 28. Kxf1 d4 29. cxd4 Rxd4 30. g3 Rd6 31. 
Qc4 h6 32. Qc3 Rd4 33. h4 Bb4 34. Qc2 Kb6 35. Kg2 Bc5 {1/2-1/2(52) 
Naiditsch, Arkadij (2532) - Jakubiec, Artur (2518) / Griesheim GM (4), 
Griesheim 2002} ) 24. Rxb1 {Black played very precise and the position is 
far from clear. From practical point of view it is easier to play with 
White for the simple reason that having just 2 pieces one has less 
possibilities and must not spend a lot of time finding the right move...} 
24. ... Bd3 {Winants: 'Pour chasser la Tour de la colonne ouverte.'} ( {
Stronger is} 24. ... Bc4!? { that, with a different move order, leads to a
position from the previous comment} 25. Qh6 ( 25. Qxf5 Bd3 26. Rf1 â–¡ ( 
26. Rd1?? Re1+ -+ ) 26. ... d5 27. Qxh7 Bxf1 28. Kxf1 += ) 25. ... f4 26. 
Ra1 Bd3 27. Qh3 +/- Bc2 28. Rc1 d5 29. Kf1 Ba4 30. Qd3 +/- ) 25. Rd1! +/- 
f4 {'?' Winants. Winants: 'La faute décisive : elle permet l'intervention 
du pion passé.'} ( {Il fallait donc jouer} 25. ... Bc2 {Winants} 26. Rc1 
Bd3 {et garder ainsi le contrôle du point a4.} ) 26. Qd5! {'!' Winants.} 
26. ... Bc2 27. Rc1 {Winants: 'Menace 28. Kf1 ! : Les Noirs n'ont d'autres
ressources que de disperser leurs forces.'} 27. ... Re2 28. a4! {Trying to
retain the f5-pawn black pieces have taken up poor positions, and now the 
a2-pawn advance throws his defence into complete confusion } 28. ... e4 {
Looking for counterplay, but White is quicker.} ( 28. ... Bxa4? 29. Qc4 {
Winants: '-attaque double-'} 29. ... Rc2 30. Rb1 +- ( 30. Ra1 +- ) ( 30. 
Re1 +- ) ) ( 28. ... Be4 29. Qb5 Rd2 30. a5 +- d5 31. f3 Ba3 32. fxe4 Bxc1
33. exd5 Ne7 34. Qb6+ Kd7 35. Qe6+ Kd8 36. c4 Rd1+ 37. Kf2 Be3+ 38. Kf3 
Bc5 39. Qxe5 +- ) 29. a5 Bd3 {Winants: 'Surveille a6, mais en vain.'} 30. 
Ra1! +- {Winants: 'Selon le principe qui préconise de poster les Tours 
derri re les pions passés.'} 30. ... Rb2 ( 30. ... Ba6 31. Qb3 +- ) ( 
30. ... Bh4 31. g3 fxg3 32. hxg3 +- ) 31. c4 {Winants: 'Ferme la porte !'}
( 31. a6 Bxa6 32. Qxe4 +/- ) 31. ... Rb7 ( {Ou plus joli :} 31. ... Rb4 {
Winants} 32. a6 Bxc4 ( 32. ... Na7 {Winants} 33. Qa8 ) 33. Qxc6+!! Kxc6 
34. a7 +- {Et le pion fait Dame.} ) 32. a6 Ra7 33. f3 +- {Now is over. 
Black has no coordination at all. Winants: 'Tout s'écroule...'} 33. ... 
Ne5 34. fxe4 Bxc4 35. Rc1 Rxa6 36. Rxc4+ Nxc4 37. Qxc4+ Rc6 38. Qf7 {
Winants: 'Les pions isolés ne permettent aucune résistance.'} 38. ... Kd8 
39. Qg8+ Kd7 40. Qxh7 Rc5 41. Qf7 Rc1+ 42. Kf2 Rc8 43. Qf5+ Kc7 44. Qe6 
1-0

[Event "Chelyabinsk 16.5"]
[Site "Essen GER"]
[Date "2002.05.20"]
[Round "16.5"]
[White "Luther, Thomas"]
[Black "Leko, Peter"]
[Result "0-1"]
[WhiteElo "2566"]
[BlackElo "2707"]
[EventDate "2002.05.16"]
[Annotator "Rogozenco"]

1. e4 c5 2. Nf3 Nc6 3. d4 cxd4 4. Nxd4 Nf6 5. Nc3 e5 6. Ndb5 d6 7. Bg5 a6 
8. Na3 b5 9. Bxf6 gxf6 10. Nd5 f5 11. Bxb5 {One can't help admiring Thomas
courage to sac a piece against one of the strongest theoreticians in the 
world. White's decision seems like an experiment: probably Thomas was 
willing to check Leko's analysis in this sharpest line of Sveshnikov 
Sicilian. Well, Peter confirmed his status once again...} 11. ... axb5 12.
 Nxb5 Ra4 13. b4 {After Shirov's loss against Kasparov earlier this year I
thought 13.b4 will take a rest for a while. On the other hand this was 
based rather on subjective thinking, since the result of that game wasn't 
necessary a direct consequence of the opening outcome.} 13. ... Rxb4 {
Luther must have had an improvement over Shirov-Kasparov. Unless he was 
willing to force a draw, which frankly speaking, I doubt.} ( 13. ... Qh4 
14. O-O Rg8 15. f4 ( 15. c3 f4 16. Qxa4 Rxg2+ {was a draw in 
Luther-McShane, Lippstadt 2000. I guess Thomas would have rather go for 15
f4, trying to improve Shirov's play.} ) 15. ... Kd8 16. c3 ( 16. Nb6!? {
The most serious attempt to improve on Shirov's play.} 16. ... Rxb4 17. 
Nxc8 Kxc8 18. Qd5 ~ ) 16. ... Ra6 17. a4?! fxe4 18. f5?! {After this Black
is certainly much better. However, it makes sense to give the whole game, 
as in the end the cause for White's loss was same as in our main game: the
diagonal a8-h1.} ( 18. Ndc7 {and the fight is far from being over yet.} 
18. ... Qh3 19. Qc2 Rb6 20. Kh1! Qh4 ( 20. ... Qd3 21. Qa2! ) ( 20. ... 
Qg4 21. Nd5 ) 21. a5 Rb7 22. a6 Rxc7 23. Nxc7 Kxc7 24. a7 Bb7 25. a8=Q 
Bxa8 26. Rxa8 ~ ) 18. ... Bb7 19. Ra2 e3 20. Nxe3 Qe4 21. Re1 Nxb4 22. 
cxb4 Bh6 23. Kh1 Bxe3 24. Qe2 Rc6 25. a5 Qxb4 26. Nxd6 Rxd6 27. Qxe3 Qd4 
28. Qc1 Qd5 {0-1 Shirov,A-Kasparov,G/Linares 2002} ) 14. Nbc7+ Kd7 15. O-O
Rg8! {A strong flexible continuation, which is not a novelty though. 
...Rg8 can be considered an universal move in 11.Bxb5 line. As we'll see, 
Black would better keep the queen on d8 for a while (unlike in 
Luther-Reinderman).

This is one of the best continuations for Black in this particular 
position. He tries to create counterthreats along the g-file immediately }
( {With the same purpose the move} 15. ... Qg5 {has been tested. In Th. 
Luther's practice there subsequently occured } 16. Nxb4 Nxb4 17. c3! {The 
absence of the queen from the queenside make Black's king vulnerable. 

opening the d1-a4 diagonal for bringing white queen into attack} 17. ... 
Kxc7 18. cxb4 fxe4 19. Qa4 {with attack, Luther,T-Reinderman,D/Venlo 2000.
Note that white queen went to the side opposite to Black's queen.} 19. ...
 Bh3 20. Rac1+ Kd8 21. Qa8+ Ke7 22. Rc7+ Bd7 23. Qb7 Qf5 24. Rfc1 Rg8 25. 
Rxd7+ Ke6 26. Qc8 Rxg2+ 27. Kxg2 Qf3+ 28. Kg1 Qg4+ 29. Kf1 Qh3+ 30. Ke1 {
1-0, Luther Thomas (GER) 2547 - Reinderman Dimitri (NED) 2551, Venlo 
(Netherlands) 2000} ) ( 15. ... Rb7 16. Qh5! {Again black queen is not 
able to take countermeasures against her white colleague.} 16. ... Ne7 17.
 Qxf7 Kc6 18. Rab1 fxe4 19. Rxb7 Kxb7 20. Rb1+ Kc6 21. Rb6+ Kc5 22. Rb3 {
and White won, Shirov,A-Lautier,J/Monte Carlo 2000.} ) 16. g3!? ( 16. Nxb4
Nxb4 17. Nd5 ( 17. c3 {comparing to Luther-Reinderman, this fails to 
impress with black queen on d8.} 17. ... Qxc7 18. cxb4 fxe4 {is also good 
for Black.} ) 17. ... Qg5 ( 17. ... Nxd5 18. Qxd5 Ke7 19. Rab1 Be6 20. 
Qb7+ Kf6 21. exf5 Bxf5 22. f4 e4 23. Qd5 Qc8 24. Rb5 Qe6 25. Qd4+ Kg6 26. 
Qe3 ( 26. g4 Kh6! ) 26. ... h6 -/+ {Baer,H-Berriot,B/Latin Am-Cup4 corr 
1987} ) 18. g3 Nxd5 19. Qxd5 Ke7 20. a4 {with unclear play, Solovjov 
Sergey I 2496 - Yudin Sergei 
2417 , St.Petersburg 22.10.2005 Memorial M.Chigorin} ) ( 16. Qh5 Qg5! 17. 
Qxf7+ Be7 18. g3 Rb7 { leads, with a different move order, to a position 
that will arise in the game later} ) 16. ... Rb7! {Now Black plays like in
the game Shirov-Lautier. The inclusion of the moves g3 and ...Rg8 favours 
Black.} 17. Qh5 Qg5! {That's the difference to Shirov-Lautier. The queen 
gets out. The next part of the game proves that White is unable to create 
anything real.

Inclusion of the moves Rh8-g8 and g2-g3 proves to be favorable for Black 
in comparison with the game A.Shirov - J.Lautier } 18. Qxf7+ Be7 {It turns
out that queen on f7 is stuck in the enemy camp, and white attack gets 
bogged down } 19. Nxe7 Nxe7 20. Ne6 ( {After} 20. Nd5 {Black has a 
pleasant choice between 20...Kd8 or 20...Qg7, in both cases with a 
position close to winning for Black.} 20. ... Qg7 -+ ) 20. ... Qg6 21. 
Nf8+ Rxf8 22. Qxf8 fxe4 {White retains a rough material balance, but now 
Black is fully ready to launch a counterattack against white king } 23. 
Rfb1 ( 23. a4 Rc7 24. a5 Ba6 -+ 25. Qa8 Bxf1 26. Kxf1 e3 27. Qf3 ) 23. ...
 Rc7 -+ 24. a4 e3! { The threats along the a8-h1 diagonal prove to be 
deadly for white king } 25. fxe3 Qe4 {Just like in Shirov-Kasparov, the 
weakness of the long diagonal is fatal for White. Another serious blow in 
this variation.} 0-1